000 00613nam a2200205 a 4500
001 24413
003 BD-RjUL
005 20211209001040.0
008 140313s1949 ur a j 00010 eng d
035 _a(BD-RjUL)24479
040 _aACAE
_cACAE
_beng
041 1 _aeng
_hrus
082 0 0 _a491.786421
_bTON 1949
100 1 _aTolstoy, Aleksey Nikolayevich,
_d1883-1945.
_970257
245 1 0 _aNikita's childhood /
_cAlexei Tolstoi.
260 _aMoscow :
_bForeign Languages Publishing House,
_c1949.
300 _a135 p. :
_bill. ;
_c23 cm.
650 _aRussian language
_xReaders.
_923560
942 _2ddc
_cBK
999 _c24413
_d24413